000 02160nam a2200301Ia 4500
999 _c48587
_d48587
001 15486
003 GE_BSU
005 20241128152445.0
008 181216s2015||||ge |||||||||||||| ||geo||
020 _a9789941219504
040 _cGE_BSU
041 _ageo
080 _a27-36 დ-45
245 _aდიდმოწამე ქალწულები : წმინდა მარინე, წმინდა ბარბარე და წმინდა ეკატერინე ; წმინდა მეღლეები ადრიანე და ნატალია /
_cშემდგენელი სოფიო თავაძე ; გარეკანის დიზაინი ეთერ გზირიშვილი.
264 _aთბილისი :
_bპალიტრა L,
_c2015.
300 _a189 გვ. ;
_c20 სმ.
490 _aსაქართველოს იმედი II : ყველა წმინდანი, რომელთა შესახებაც უნდა იცოდე, 2298-0547 / პროექტის რედაქტორი თამარ მამაცაშვილი
_vწ. 18
500 _aიბეჭდება სრულიად საქართველოს კათოლიკოს-პატრიარქის, უწმინდესისა და უნეტარესის ილია II-ის ლოცვა-კურთხევით
504 _aბიბლიოგრ. : გვ. 188
541 _h2ლ.
653 _aდიდმოწამე ქალწულები
653 _aრელიგია
653 _aწმინდა მარინე, წმინდა ბარბარე და წმინდა ეკატერინე
653 _aწმინდა მეღლეები ადრიანე და ნატალია
700 _a თავაძე, სოფიო
_eშემდგენელი
_923822
700 _aგზირიშვილი, ეთერ
_eგარეკანის დიზაინი
_923823
942 _cBK
_2udc